=LDR 00000nam 2200000 4500 =001 INLIS000000000037337 =005 20130612143053 =008 ***********************************Ind** =035 ##$$0010-061300000037337 =041 ##$$a Ind =082 ##$$a 616.15 =090 ##$$a 616.15, Wal S =100 ##$$a Waluyo, Srikandi =245 ##$$a 100 questions dan Answer Sindron darah kental, Srikandi Waluyo, Budhi Marhaendra Putra =260 ##$$a 2011 $b Jakarta =300 ##$$a xix,132 hlm., 21 cm =650 ##$$a Darah - Penyakit =700 ##$$a Putra,Budhi Marhendra =850 ##$$a NBPNMAT =990 ##$$a 21400613/BPAP-NTB/20142014 =990 ##$$a 0001/BPAP-NTB/2016